000 00709nam a2200169Ia 4500
008 090123s9999 xx 000 0 und d
082 _b33646
100 _aजायस्वाल जयनारायण
245 _aझोन थेरपी अर्थात अॅक्युप्रेशर
250 _a4
260 _bगृह प्रकाशन
600 _aजायस्वाल जयनारायण
630 _aझोन थेरपी अर्थात अॅक्युप्रेशर
700 _aजायस्वाल जयनारायण
730 _aझोन थेरपी अर्थात अॅक्युप्रेशर
942 _cBOOK
999 _c71705
_d71705